Fundamentación filosófica de los derechos humanos /

שמור ב:
מידע ביבליוגרפי
מחבר ראשי: Marlasca López, Antonio
פורמט: Texto
נושאים:
תגים: הוספת תג
אין תגיות, היה/י הראשונ/ה לתייג את הרשומה!

MARC

LEADER 00000 a a2200000 04500
001 15503
003
040
100 |a Marlasca López, Antonio  
245 |a Fundamentación filosófica de los derechos humanos /  |c Antonio Marlasca López 
650 |a FILOSOFIA  
650 |a DERECHOS HUMANOS  
650 |a ETICA  
650 |a TEORIA  
773 |g volumen 36, número 90, EXTR; páginas 561-578  
999 |c 23624  |d 23624